| 000 -LEADER |
| fixed length control field |
00471nam a2200181Ia 4500 |
| 008 - FIXED-LENGTH DATA ELEMENTS--GENERAL INFORMATION |
| fixed length control field |
220726s9999||||xx |||||||||||||| ||und|| |
| 020 ## - INTERNATIONAL STANDARD BOOK NUMBER |
| International Standard Book Number |
9789388756235 |
| 082 ## - DEWEY DECIMAL CLASSIFICATION NUMBER |
| Classification number |
610 |
| 082 ## - DEWEY DECIMAL CLASSIFICATION NUMBER |
| Item number |
Ver/P |
| 100 ## - MAIN ENTRY--PERSONAL NAME |
| Personal name |
Verma, Ajit Kumar &Singh, Sapna & Chaudhary, Shaily |
| 245 #0 - TITLE STATEMENT |
| Title |
Ajit Kumar-Practical Manual of Pharmacology- 1: B. Pharm-4th Semester |
| 250 ## - EDITION STATEMENT |
| Edition statement |
N/A |
| 260 ## - PUBLICATION, DISTRIBUTION, ETC. |
| Place of publication, distribution, etc. |
Agra |
| 260 ## - PUBLICATION, DISTRIBUTION, ETC. |
| Name of publisher, distributor, etc. |
R. Narain Publishers |
| 260 ## - PUBLICATION, DISTRIBUTION, ETC. |
| Date of publication, distribution, etc. |
N/A |
| 300 ## - PHYSICAL DESCRIPTION |
| Extent |
96 |
| 942 ## - ADDED ENTRY ELEMENTS (KOHA) |
| Koha item type |
|